Echelle de mots - de Theo à Cha - Statistiques

Statistiques générales
  • Ce quiz a été pris 782 fois
  • Le résultat moyen est 11 sur 19
Statistiques - réponses
Indice Réponse % Correct
Prénom Theo
100%
Se boit chaud (retirer une lettre) Thé
99%
Surnom de Charlotte Cha
73%
Pas mou Dur
70%
Un des 5 sens Ouïe
67%
Un bel animal Chat
63%
Conjonction de coordination Car
62%
A voile ou d'assaut (ajouter une lettre) Char
60%
Via Par
56%
Roi de France (ajouter une lettre) Louis
54%
Diamant Pur
52%
Chemin (ajouter une lettre) Voie
47%
Oiseau blanc Oie
44%
Pour interpeler quelqu'un Ohé
41%
Presque boue (retirer une lettre) Oue
40%
Grâce aux yeux Vois
36%
On les échange au mariage (retirer une lettre) Ouis
34%
Une prime l'est Due
32%
Importantes Lois
29%
Aucun quiz correspondant
Distribution des résultats
% des personnes avec chaque résultat
Percentile par nombre de réponses
Votre historique - résultats
Vous n’avez pas pris ce quiz